Final Fantasy Character Music Quiz Stats

 Plays Quiz not verified by Sporcle

Support Sporcle.
Go Orange.
Score 0/38 Timer 13:00
0 Plays Today
Time Character % Correct
0.21 - 0.30Tifa
89.2%
2.21 - 2.30Terra
78.6%
5.01 - 5.10Aeris
77.2%
3.31 - 3.40Red XIII
74.5%
0.41 - 0.50Kefka
73.2%
1.21 - 1.30Barret
72.5%
1.31 - 1.40Yuna
70.3%
2.41 - 2.50Cid
69.3%
0.51 - 1.00Steiner
67.9%
4.01 - 4.10Cait Sith
66%
4.41 - 4.50Kuja
63.3%
5.51 - 6.00Yuffie
62.5%
6.01 - 6.10Celes
62%
2.31 - 2.40Vivi
61.4%
3.11 - 3.20Quina
59.6%
3.51 - 4.00Freya
59.4%
3.01 - 3.10Mog
59.4%
3.21 - 3.30Auron
59.3%
5.21 - 5.30Locke
59.3%
Time Character % Correct
3.41 - 3.50Setzer
58%
5.41 - 5.50Beatrix
57%
4.51 - 5.00Shadow
56.9%
2.01 - 2.10Cyan
55.4%
0.00 - 0.10Relm
55.3%
0.11 - 0.20Seymour
55.1%
4.31 - 4.40Tidus
53.5%
4.21 - 4.30Vincent
53.3%
1.51 - 2.00Zidane
49.3%
1.01 - 1.10Penelo
45.7%
1.11 - 1.20Gogo
45%
5.11 - 5.20Amarant
43.2%
5.31 - 5.40Rikku
40.9%
4.11 - 4.20Strago
40.1%
6.11 - 6.22Eiko
39.5%
0.31 - 0.40Garnet
39.2%
1.41 - 1.50Gau
35.7%
2.11 - 2.20Lulu
32.7%
2.51 - 3.00Ashe
31.6%

You're not logged in!

Compare scores with friends on all Sporcle quizzes.
OR
Log In

From the Vault

Multi-Category Minefield Blitz: Disney

by Thebiguglyalien

You can't fastpass through this one.
Remove Ads.
Support Sporcle.
Get the best of Sporcle when you Go Orange. This ad-free experience offers more features, more stats, and more fun while also helping to support Sporcle. Thank you for becoming a member.

Show Comments

Extras

Top Quizzes Today


Score Distribution

Your Account Isn't Verified!

In order to create a playlist on Sporcle, you need to verify the email address you used during registration. Go to your Sporcle Settings to finish the process.

Report this User

Report this user for behavior that violates our Community Guidelines.

Details: